| 000 | 00883nam a2200289Ia 4500 | ||
|---|---|---|---|
| 001 | Z_1801 | ||
| 003 | CHAP | ||
| 008 | 220113s1996 xx 000 0 und d | ||
| 010 | _a164893 | ||
| 040 | _cCHAP | ||
| 090 | _aTesis G 1212 | ||
| 100 |
_aGuerrero Rodríguez, Juan de Dios _951263 |
||
| 245 |
_aRendimiento de forraje y grano de trigo de verano, pastoreado con ovinos / _cpor Juan de Dios Guerrero Rodríguez |
||
| 260 |
_aChapingo, Méx. : _bEl autor, _c1996 |
||
| 300 | _a62 h. | ||
| 502 | _aTesis (Maestro en Ciencias Esp. en Ganadería) -- C.P. Programa de Ganaderia | ||
| 650 |
_aForraje _xRendimiento _9137919 |
||
| 650 |
_aGanado lanar _xAlimentación _945153 |
||
| 650 |
_aGanado lanar _xPastoreo _945209 |
||
| 650 |
_aTrigo como forraje _9115135 |
||
| 901 | _aTESIS G 1212 | ||
| 902 | _aM | ||
| 910 | _a1996 | ||
| 942 | _c2 | ||
| 942 | _c2 | ||
| 999 |
_c164893 _d164893 |
||